000 00598nam a2200205 i 4500
001 72996
003 ES-MaACL
005 20240123173524.0
007 t|
008 040906s1933 xxk ||||1| eng d
100 1 _aGolding, Louis.
_957664
245 1 0 _aJames Joyce /
_cby Louis Golding.
260 _aLondon :
_bThornton Butterworth,
_c1933.
300 _a175 p. ;
_c19 cm.
490 1 _aModern writers and playwrights
600 1 4 _aJoyce, James,
_d1882-1941
_967077
830 0 _aModern writers and playwrights
_9231141
852 _aES-MaACL
_jA-2860
999 _c72996
_d72996